Statystyki dla BOHATEROWIE SMERFÓW

Kliknij tutaj aby rozwiązać quiz!

Ogólne statystyki

  • Ten quiz został rozwiązany 182 razy
    (62 od ostatniego zresetowania)
  • Średni wynik to 6 z 7

Statystyki odpowiedzi

Odpowiedź% Poprawnych
PAPA SMERF
100%
SMERFETKA
98%
GARGAMEL
87%
WAŻNIAK
87%
KLAKIER
75%
CIAMAJDA
57%
MARUDA
53%

Rozkład punktacji

Percentyl według liczby udzielonych odpowiedzi

Procent ludzi z każdym wynikiem

Twoja historia wyników

Nie rozwiązałeś tego quizu od ostatniego zresetowania